000 00347nam a2200157Ia 4500
001 32151
003 IN-NITTTR
005 20251114233428.0
008 251113s9999||||xx |||||||||||||| ||eng||
040 _beng
040 _cIN-NITTTR
041 _aeng
082 _a621.399 G643D
245 0 _aDigital Processing Using MATLAB /
942 _2ddc
_cBK
999 _c34781
_d34781